Statistics for All HermitCraft Members (Vanilla)

Click here to take the quiz!

General Stats

  • This quiz has been taken 13 times
  • The average score is 30 of 63

Answer Stats

SeasonsAnswer% Correct
1, 5-10BdoubleO100
100%
4-10GoodTimesWithScar
100%
6-10Grian
100%
2-10Mumbo Jumbo
100%
3-10Docm77
90%
2-10FalseSymmetry
90%
4-10iskall85
90%
1-3, 6-10Keralis
90%
10Skizzleman
90%
10SmallishBeans
90%
5-10StressMonster101
90%
2-10ZombieCleo
90%
3-5, 7-10EthosLab
80%
8-10GeminiTay
80%
2-10iJevin
80%
3-10impulseSV
80%
8-10PearlescentMoon
80%
2-10TangoTek
80%
4-5, 7-10VintageBeef
80%
1-10Xisumavoid
80%
5-10Zedaph
80%
4-10Cubfan135
70%
1Generikb
70%
1-10JoeHills
70%
4-10Rendog
70%
2-9TinFoilChef
70%
4-10Welsknight
70%
2-10xBCrafted
70%
1-4, 7-10Hypnotizd
60%
1-6Biffa2001
50%
1-2, 4, 6Jessassin
40%
1-3Pungence
40%
3-6PythonGB
40%
1-4Monkeyfarm
30%
2-3Sl1pg8r
30%
2-4Zueljin
30%
1-2Aureylian
20%
1Cubehamster
20%
1Dinnerbone
20%
1-3KingDaddyDMAC
20%
2King Happy
20%
1777static777
10%
1-2alex2295
10%
1Brenybeast
10%
1-2CilantroGamer
10%
1Coestar
10%
2Dewtroid
10%
1-3IAmSp00n
10%
1-2Joenagee
10%
1joshuaaap
10%
1-2Juicetra
10%
1-2Kiershar
10%
2Luclin
10%
1Marc IRL
10%
2Marriland
10%
1-2Red3yz
10%
1Shawnvmartin
10%
1-3Skyzm
10%
1Sokar
10%
2-3Spumwack
10%
1-3TopMass
10%
1-2Unhost
10%
2VenomKisser
10%

Score Distribution

Percentile by Number Answered

Percent of People with Each Score

Your Score History

You have not taken this quiz